• 首页
  • 本馆介绍
  • 公告通知
  • 最新文献
  • 馆藏检索
  • 电子资源
  • 读者导购
  • 参考咨询
  • 我的图书馆
  • 登录
  • 详细信息显示
  • 放入我的书架
  • 预约/预借图书
  • 作者相关作品
  • 分类相关作品
  • 丛书相关作品
  • 出版社相关作品

书目信息

  • 表格格式
  • 工作单格式
  • 卡片格式
题名:
蔬菜生产技术
    
 
作者: 汤伟华 主编
分册:  
出版信息: 北京   科学出版社  2012
页数: 288页
开本: 26cm
丛书名:
单 册:
中图分类: S63
科图分类:
主题词: 蔬菜园艺--高等职业教育--教材
电子资源:
ISBN: 978-7-03-034045-0
000 00860nam0 2200241 45
001 1356808249
005 20130514173120.53
010    @a978-7-03-034045-0@dCNY33.00
100    @a20130108d2012 em y0chiy50 ea
101 0  @achi
102    @aCN@b110000
105    @aa z 000yy
106    @ar
200 1  @a蔬菜生产技术@AShu Cai Sheng Chan Ji Shu@f汤伟华主编@FTang Wei Hua Zhu Bian
210    @a北京@c科学出版社@d2012
215    @a288页@c图@d26cm
300    @a高等职业教育“十二五”规划教材
330    @a本教材着重于南方主要蔬菜的生产技术,介绍浙江省常见和奇特蔬菜的种类和品种,以及这些蔬菜在浙江设施和露地栽培技术。同时把企业中最新的品种和栽培技术归纳在本教材中,做到内容新颖。
606 0  @a蔬菜园艺@x高等职业教育@j教材
690    @aS63@v5
701  0 @a汤伟华@ATang Wei Hua@4主编
801    @aCN@bTANGWEI@c20130108
905    @b0829741-45@dS63@e260@f5
    
    蔬菜生产技术/汤伟华主编.-北京:科学出版社,2012
    288页:图;26cm
    高等职业教育“十二五”规划教材
    
    ISBN 978-7-03-034045-0:CNY33.00
    本教材着重于南方主要蔬菜的生产技术,介绍浙江省常见和奇特蔬菜的种类和品种,以及这些蔬菜在浙江设施和露地栽培技术。同时把企业中最新的品种和栽培技术归纳在本教材中,做到内容新颖。
●
相关链接 在E读中查询图书 在五车中查询图书 在当当中查询图书 在豆瓣中查询图书


正题名:蔬菜生产技术     索取号:S63/260         预约/预借

序号 登录号 条形码 馆藏地/架位号 状态 备注
1 0829741   208297412   第二样本阅览室/ [索取号:S63/260] 在馆    
2 0829742   208297421   第三借阅区/ [索取号:S63/260] 在馆    
3 0829743   208297430   第三借阅区/ [索取号:S63/260] 在馆    
4 0829744   208297449   第三借阅区/ [索取号:S63/260] 在馆    
5 0829745   208297458   第三借阅区/ [索取号:S63/260] 在馆    
唐山师范学院图书馆 欢迎您!
大连网信软件有限公司© 版权所有